|
|
|
|
| LEADER |
00000cam a2200000 7i4500 |
| 001 |
0000035095 |
| 005 |
20130121.0 |
| 008 |
130121 |
| 020 |
|
|
|a 9832623057
|
| 090 |
0 |
0 |
|a 305.242
|b FAU
|
| 100 |
0 |
|
|a Fauziah Abd Ralip
|
| 245 |
1 |
0 |
|a Permasalahan remaja dan kaedah mengatasinya :
|b bahagian 6
|c Fauziah Abd Ralip
|
| 260 |
|
|
|a KL :
|b Pustaka Segar ,
|c 2003
|
| 440 |
|
|
|a Siri motivasi & kaunseling remaja
|
| 650 |
|
0 |
|a Adolescence
|
| 650 |
|
0 |
|a Teenagers
|
| 650 |
|
0 |
|a Young adults
|
| 650 |
|
0 |
|a Youth conduct of life
|
| 999 |
|
|
|a 0000835554
|b Book
|c Adult Collection
|e Cawangan Pontian
|
| 999 |
|
|
|a 0000836498
|b Book
|c Adult Collection
|e Cawangan Muar
|
| 999 |
|
|
|a 0000854927
|b Book
|c Adult Collection
|e Cawangan Tmn. Ungku Tun Aminah
|
| 999 |
|
|
|a 0000879752
|b Book
|c Adult Collection
|e Cawangan Mersing
|
| 999 |
|
|
|a 0000879754
|b Book
|c Adult Collection
|e Cawangan Muar
|
| 999 |
|
|
|a 0000950379
|b Book
|c Adult Collection
|e Cawangan Pontian
|
| 999 |
|
|
|a 0001206811
|b Book
|c Adult Collection
|e Perbadanan Perpustakaan Awam Johor
|
| 999 |
|
|
|a 0001206813
|b Book
|c Adult Collection
|e Cawangan Tangkak
|
| 999 |
|
|
|a 0001206815
|b Book
|c Adult Collection
|e Perbadanan Perpustakaan Awam Johor
|